INNOVATION KILLER HOW WHAT WE KNOW LIMIT (Record no. 22050)

MARC details
000 -LEADER
fixed length control field 00352nam a2200133Ia 4500
008 - FIXED-LENGTH DATA ELEMENTS--GENERAL INFORMATION
fixed length control field 240624s9999 xx 000 0 und d
041 ## - LANGUAGE CODE
Language code of text/sound track or separate title eng
082 ## - DEWEY DECIMAL CLASSIFICATION NUMBER
Classification number 658.4063 RAB
100 ## - MAIN ENTRY--PERSONAL NAME
Personal name RABE CYNTHIA BARTON
245 ## - TITLE STATEMENT
Title INNOVATION KILLER HOW WHAT WE KNOW LIMIT
260 ## - PUBLICATION, DISTRIBUTION, ETC.
Date of publication, distribution, etc. 2006
Place of publication, distribution, etc. New York
Name of publisher, distributor, etc. AMACOM
300 ## - PHYSICAL DESCRIPTION
Extent xx, : 219 : p. : cm. ; 23
365 ## - TRADE PRICE
Currency code
Price amount 28
Holdings
Withdrawn status Lost status Damaged status Not for loan Home library Current library Shelving location Date acquired Source of acquisition Cost, normal purchase price Total Checkouts Full call number Barcode Date last seen Date last checked out Copy number Price effective from Koha item type
        IMTN IMTN Rack 31-B 11/20/2013 TB 26.00 1 658.4063 RAB 22050 11/09/2024 09/28/2024 67.3 06/24/2024 Books
Designed & Maintained by: LRC IMT Nagpur Contact: lrc@imtnag.ac.in© 2024. All Rights Reserved.